ბათუმის შოთა რუსთაველის სახელმწიფო უნივერსიტეტის ბიბლიოთეკა

Новейшие достижения нефтехимии и нефтепереработки=Advances in petroleum chemistry and refining. Том. III. (ბიბ.ჩანაწერი № 38248)

000 -LEADER
fixed length control field 00758nam a2200205Ia 4500
001 - CONTROL NUMBER
control field 4238
003 - CONTROL NUMBER IDENTIFIER
control field GE_BSU
008 - FIXED-LENGTH DATA ELEMENTS--GENERAL INFORMATION
fixed length control field 181216s||||||||xx |||||||||||||| ||und||
040 ## - CATALOGING SOURCE
Transcribing agency GE_BSU
080 ## - UNIVERSAL DECIMAL CLASSIFICATION NUMBER
Universal Decimal Classification number 665.6.71+665.65
245 ## - TITLE STATEMENT
Title Новейшие достижения нефтехимии и нефтепереработки=Advances in petroleum chemistry and refining. Том. III.
245 ## - TITLE STATEMENT
Statement of responsibility, etc. перевод. с англ. И.И.Абрамсона. Ред. К.Ф.Клейменова.
260 ## - PUBLICATION, DISTRIBUTION, ETC.
Place of publication, distribution, etc. М.
260 ## - PUBLICATION, DISTRIBUTION, ETC.
Name of publisher, distributor, etc. Гостоптехиздат.
260 ## - PUBLICATION, DISTRIBUTION, ETC.
Date of publication, distribution, etc. 1962.
300 ## - PHYSICAL DESCRIPTION
Extent 299 стр. 26 см.
300 ## - PHYSICAL DESCRIPTION
Accompanying material табл.
653 ## - INDEX TERM--UNCONTROLLED
Uncontrolled term Новейшие достижения нефтехимии и нефтепереработки.
942 ## - ADDED ENTRY ELEMENTS (KOHA)
Koha item type წიგნი
ეგზემპლარები
Withdrawn status Lost status Damaged status Not for loan Date acquired Barcode Date last seen Price effective from Koha item type Public note
        2018-12-17 9415 2018-12-17 2018-12-17 წიგნი საცავი